Current Western Overseas Territories - Statistics

General Stats
  • This quiz has been taken 41 times
  • The average score is 36 of 61
Answer Stats
Group Region Answer % Correct
United Kingdom Caribbean British Virgin Islands
94%
Netherlands Caribbean Sint Maarten
94%
United States Caribbean U.S. Virgin Islands
94%
United Kingdom North Atlantic Bermuda
88%
Australia South Pacific Christmas Island
88%
Denmark North Atlantic Faroe Islands
88%
Denmark North Atlantic Greenland
88%
United States North Pacific Guam
88%
United States Caribbean Puerto Rico
88%
United Kingdom Caribbean Cayman Islands
82%
Netherlands Caribbean Curaçao
82%
France South America French Guiana
82%
United Kingdom Iberian Penensula Gibraltar
82%
France Indian Ocean Réunion
82%
France Caribbean Saint Martin
82%
Netherlands Caribbean Aruba
76%
United Kingdom South Atlantic Falkland Islands
76%
New Zealand South Pacific Niue
76%
United States North Pacific Northern Mariana Islands
76%
France North Atlantic Saint Pierre and Miquelon
76%
Norway Arctic Svalbard
76%
New Zealand South Pacific Cook Islands
71%
France Caribbean Martinique
71%
France Mozambique Channel Mayotte
71%
United Kingdom South Atlantic Saint Helena, Ascension and Tristan da Cuhna
71%
United Kingdom North Atlantic Turks and Caicos Islands
71%
United States South Pacific American Samoa
65%
France South Pacific French Polynesia
65%
France Caribbean Guadeloupe
65%
France South Pacific New Caledonia
65%
France Caribbean Saint Barthélemy
65%
United Kingdom South Atlantic South Georgia and the South Sandwich Islands
65%
United Kingdom Caribbean Anguilla
59%
United Kingdom Antarctica British Antarctic Territory
59%
United Kingdom Caribbean Montserrat
59%
United Kingdom Pacific Pitcairn, Henderson, Ducie and Oeno Islands
59%
Australia Antarctic Australian Antarctic Territory
53%
United Kingdom Indian Ocean British Indian Ocean Territory
53%
Australia South Pacific Cocos (Keeling) Islands
53%
France Indian Ocean French Southern and Antarctic Lands
53%
United States North Pacific Midway Atoll
53%
United Kingdom Cyprus Akrotiri and Dhekelia
47%
United States North Pacific Baker Island
47%
Australia South Pacific Norfolk Island
47%
New Zealand South Pacific Tokelau
47%
France South Atlantic Wallis and Futuna
47%
Norway South Atlantic Bouvet Island
41%
Norway Antarctic Queen Maud Land
41%
New Zealand Antarctic Ross Dependency
41%
United States North Pacific Wake Island
41%
United States North Pacific Howland Island
29%
United States North Pacific Johnston Atoll
29%
France Central America Clipperton
24%
Australia South Pacific Coral Sea Islands
24%
Australia South Pacific Heard Island and McDonald Islands
24%
United States Caribbean Navassa Island
24%
United States South Pacific Jarvis Island
18%
Norway South Atlantic Peter I Island
18%
Australia South Pacific Ashmore and Cartier Islands
12%
United States North Pacific Kingman Reef
12%
United States North Pacific Palmyra Atoll
12%
No matching quizzes found
Score Distribution
Percent of People with Each Score
Percentile by Number Answered
Your Score History
You have not taken this quiz